Devine le pays - Statistiques

Statistiques générales
  • Ce quiz a été pris 240 fois
  • Le résultat moyen est 13 sur 16
Statistiques - réponses
Par images Réponse % Correct
Italie
98%
Espagne
96%
Etats Unis
96%
France
96%
Egypte
95%
Russie
95%
Royaume Uni
94%
Australie
91%
Belgique
91%
Japon
91%
Canada
88%
Brésil
78%
Maroc
72%
Irlande
67%
Hongrie
33%
Chili
15%
Aucun quiz correspondant
Distribution des résultats
% des personnes avec chaque résultat
Percentile par nombre de réponses
Votre historique - résultats
Vous n’avez pas pris ce quiz